000 00470nam a22002057a 4500
003 UA-OsUOA
001 12510
007 ta
008 20050513b un ||||| |||| 00| 0 ukr d
100 _aНаєнко М.
942 _cSA
040 _aUA-OsUOA
_bukr
_cUA-OsUOA
_dUA-OsUOA
245 _aРенесанс як етап
300 _aС.67 - 68
955 _a0
041 _aukr
044 _aUA
773 0 _w0
650 7 _aЛітературознавство
_2UDC
999 _c298671
_d298671